The Constitution of the Republic of the Philippines explained /. (Record no. 12714)
[ view plain ]
| 000 -LEADER | |
|---|---|
| fixed length control field | 00507nam a2200169 a 4500 |
| 005 - DATE AND TIME OF LATEST TRANSACTION | |
| control field | 20140310182406.0 |
| 008 - FIXED-LENGTH DATA ELEMENTS--GENERAL INFORMATION | |
| fixed length control field | 030508s19uu xx 00 eng d |
| 020 ## - INTERNATIONAL STANDARD BOOK NUMBER | |
| International Standard Book Number | 97108-5180-2 |
| 050 ## - LIBRARY OF CONGRESS CALL NUMBER | |
| Classification number | JQ 1411 |
| Item number | .N793 1994 |
| 100 ## - MAIN ENTRY--PERSONAL NAME | |
| Personal name | Nolledo, Jose |
| 245 ## - TITLE STATEMENT | |
| Title | The Constitution of the Republic of the Philippines explained /. |
| 260 ## - PUBLICATION, DISTRIBUTION, ETC. (IMPRINT) | |
| Place of publication, distribution, etc | Mandaluyong : |
| Name of publisher, distributor, etc | National Bookstore, |
| Date of publication, distribution, etc | 1994. |
| 300 ## - PHYSICAL DESCRIPTION | |
| Extent | 544 p. : |
| Other physical details | music ; |
| Dimensions | 26 cm. |
| 650 ## - SUBJECT ADDED ENTRY--TOPICAL TERM | |
| Topical term or geographic name as entry element | Constitutions - - Philippines. |
| 942 ## - ADDED ENTRY ELEMENTS (KOHA) | |
| Koha item type | Books |
| Source of classification or shelving scheme | Library of Congress Classification |
| Withdrawn status | Lost status | Source of classification or shelving scheme | Damaged status | Home library | Current library | Shelving location | Date acquired | Source of acquisition | Total Checkouts | Total Renewals | Full call number | Barcode | Date last seen | Date checked out | Price effective from | Koha item type | Sub Shelving location |
|---|---|---|---|---|---|---|---|---|---|---|---|---|---|---|---|---|---|
| Library of Congress Classification | College Library | College Library | Filipiniana Section | 01/13/2015 | Library Fund | KPM 1744.5 .N793 2008 | C14172 | 05/08/2018 | 01/13/2015 | Books | |||||||
| Library of Congress Classification | College Library | College Library | Filipiniana Section | 01/13/2015 | Library Fund | JQ 1411 .N793 1992 | C9454 | 05/08/2018 | 01/13/2015 | Books | |||||||
| Library of Congress Classification | Luxembourg Library | Luxembourg Library | Filipiniana Section | 05/08/2003 | 2 | 3 | JQ 1411 .N793 1994 | 10677 | 11/26/2018 | 11/16/2018 | 03/10/2014 | Books |